000 00559nam a2200181Ia 4500
008 090630s9999 xx 000 0 und d
082 _b3402
100 _aवरेरकर भा. वि.
245 _aपरिणिता.
_cवरेरकर भा. वि.
260 _bनवभारत.
_c1962
300 _a192
600 _aवरेरकर भा. वि.
630 _aपरिणिता.
655 _aकादंबरी.
700 _aवरेरकर भा. वि.
730 _aपरिणिता.
942 _cBOOK
999 _c255258
_d255258